Éru papierových dokladov ukončila digitalizácia
Automatizácia procesov môže v každej firme zásadne šetriť čas, aj náklady. Najmä v oblastiach so zvýšeným dôrazom na presnosť je správne nastavený robot skvelým pomocníkom. Evidencia a spracovanie faktúr a objednávok k takým oblastiam nepochabne patria.
Salvato in:
| Autore principale: | |
|---|---|
| Natura: | Capitolo di libro |
| Lingua: | slovacco |
| Soggetti: | |
| Tags: |
Nessun Tag, puoi essere il primo ad aggiungerne!!
|
MARC
| LEADER | 00000naa a2200000 4500 | ||
|---|---|---|---|
| 001 | 0294279 | ||
| 005 | 20240417075240.0 | ||
| 041 | 0 | |a slo | |
| 044 | |a CZ | ||
| 245 | 1 | 0 | |a Éru papierových dokladov ukončila digitalizácia |c Vladimír Maťo |
| 520 | |a Automatizácia procesov môže v každej firme zásadne šetriť čas, aj náklady. Najmä v oblastiach so zvýšeným dôrazom na presnosť je správne nastavený robot skvelým pomocníkom. Evidencia a spracovanie faktúr a objednávok k takým oblastiam nepochabne patria. | ||
| 610 | 2 | 0 | |a doklady účtovné |
| 610 | 2 | 0 | |a faktúry |
| 610 | 2 | 0 | |a faktúry elektronické |
| 610 | 2 | 0 | |a objednávky |
| 610 | 2 | 0 | |a papier |
| 610 | 2 | 0 | |a digitalizácia |
| 100 | 1 | |a Maťo, Vladimír | |